000 01583nam a2200361Ia 4500
001 ebr10631689
003 CaPaEBR
006 m u
007 cr cn|||||||||
008 100917s2011 ne a sb 001 0 eng d
010 _z 2010037131
020 _z9004175199 (acid-free paper)
020 _z9789004175198 (acid-free paper)
020 _z9789047428640 (ebook)
040 _aCaPaEBR
_cCaPaEBR
035 _a(OCoLC)813166419
050 1 4 _aZ106.5.E85
_bB87 2011eb
100 1 _aBuringh, E.
245 1 0 _aMedieval manuscript production in the Latin West
_h[electronic resource] :
_bexplorations with a global database /
_cby Eltjo Buringh.
260 _aLeiden, The Netherlands ;
_aBoston :
_bBrill,
_c2011.
300 _axxiii, 569 p. :
_bill. (some col.).
440 0 _aGlobal economic history series,
_x1872-5155 ;
_vv. 6
504 _aIncludes bibliographical references and index.
533 _aElectronic reproduction.
_bPalo Alto, Calif. :
_cebrary,
_d2013.
_nAvailable via World Wide Web.
_nAccess may be limited to ebrary affiliated libraries.
650 0 _aBook industries and trade
_zEurope, Western
_xHistory
_yTo 1500.
650 0 _aBooks
_zEurope, Western
_xHistory
_y400-1450.
650 0 _aCodicology
_xStatistical methods.
650 0 _aManuscripts
_xReproduction
_xHistory
_yTo 1500.
650 0 _aManuscripts, Medieval
_zEurope, Western
_xHistory.
655 7 _aElectronic books.
_2local
710 2 _aebrary, Inc.
856 4 0 _uhttp://site.ebrary.com/lib/rucke/Doc?id=10631689
_zAn electronic book accessible through the World Wide Web; click to view
999 _c52239
_d52239